000 00912nam0a22002651 4500
001 rc\2946021
005 20250806210308.0
035 _a(NLR Aleph) 007094159
090 _a53970
_c53970
100 _a20040816d1943 u y0rusy50 ca
101 0 _arus
102 _aRU
105 _ay z ||||y
200 1 _aОтморожения, их предупреждение и лечение
_fпроф. Я.Л. Поволоцкий и В.А. Рыбасов
210 _a[Новосибирск]
_cНовосибирск. обл. гос. изд-во
_d1943
215 _a44 стр.
_d14 см
700 1 _aПоволоцкий
_bЯ.Л.
_gЯков Львович
701 1 _aРыбасов
_bВ.А.
801 0 _aRU
_bNLR
_gpsbo
801 1 _aRU
_bELAR
_2rusmarc
852 _aNLR
_jВ40 Г-2/937
942 _cBOOK
945 _aРоссийская национальная библиотека
980 _aNB
980 _aBV